<The> Service economy

Gespeichert in:
Bibliographische Detailangaben
Weitere Verfasser: Scheuing, Eberhard E.
Format: Buch
Sprache:Englisch
Veröffentlicht: New York KCG Productions, Inc. 1982
Schlagworte:
Tags: Tag hinzufügen
Keine Tags, Fügen Sie das erste Tag hinzu!

MARC

LEADER 00000nam a2200000 4500
001 c124674
005 20221123135808.7
020 |a 0-94144-04-6 
041 0 |a eng 
044 |a US 
245 1 0 |a <The> Service economy  |c Edited by Eberhard E. Scheuing 
264 1 |a New York  |b KCG Productions, Inc.  |c 1982 
300 |a 144 s. 
610 2 0 |a služby obyvateľstvu 
610 2 0 |a hospodárstvo miestne 
610 2 0 |a hospodárstvo národné 
610 2 0 |a riadenie hospodárske 
610 2 0 |a manažment 
610 2 0 |a služby 
700 1 |a Scheuing, Eberhard E.